Figure Out the Lyrics (Beatles 8) Quiz Stats

 Plays Quiz Updated Jun 26, 2018

Score 0/170 Timer 07:00
17 Plays Today
% Correct
I
98.5%
I
98.5%
I
98.5%
I
98.5%
I
98.5%
I
98.5%
I
98.5%
I
98.5%
I
98.5%
I
98.5%
I
98.5%
I
98.5%
I
98.5%
I
98.5%
you
93.8%
you
93.8%
you
93.8%
you
93.8%
you
93.8%
you
93.8%
you
93.8%
you
93.8%
you
93.8%
you
93.8%
you
93.8%
love
92.8%
love
92.8%
love
92.8%
love
92.8%
love
92.8%
love
92.8%
love
92.8%
love
92.8%
love
92.8%
love
92.8%
love
92.8%
love
92.8%
the
85.9%
the
85.9%
the
85.9%
me
82.6%
me
82.6%
to
82.1%
to
82.1%
to
82.1%
to
82.1%
and
80.6%
and
80.6%
and
80.6%
and
80.6%
and
80.6%
and
80.6%
and
80.6%
be
76.2%
be
76.2%
be
76.2%
be
76.2%
% Correct
oh
75.7%
oh
75.7%
in
73.2%
in
73.2%
in
73.2%
in
73.2%
in
73.2%
in
73.2%
we
71.1%
we
71.1%
with
69.2%
with
69.2%
she
64.2%
she
64.1%
she
64.1%
she
64.1%
If
63.5%
If
63.5%
If
63.5%
If
63.5%
if
63.5%
if
63.5%
if
63.5%
my
62%
my
62%
her
60.8%
her
60.8%
would
60.6%
would
60.6%
would
60.6%
would
60.6%
would
60.6%
would
60.6%
will
56.4%
will
56.4%
was
56%
was
56%
was
56%
when
55.7%
when
55.7%
So
55.1%
So
55.1%
fell
55.1%
fell
55.1%
that
54.3%
that
54.3%
that
54.3%
that
54.3%
that
54.3%
that
54.3%
are
51.6%
are
51.6%
heart
48.3%
give
47.9%
true
46.6%
too
46%
see
44.8%
% Correct
see
44.8%
just
42.6%
from
42.4%
been
41.2%
promise
41.2%
than
41%
than
41%
more
40.6%
more
40.6%
help
40.3%
like
39.4%
don't
38.9%
don't
38.9%
I've
37.2%
I've
37.2%
before
37.2%
our
36.1%
our
36.1%
understand?
34.3%
'Cause
33.7%
'cause
33.7%
'cause
33.7%
please
33.3%
please
33.3%
very
32.7%
must
32.1%
hands
31.5%
start
31.4%
holding
30.9%
sure
29.4%
two
29.3%
two
29.3%
sad
29.2%
sad
29.2%
stand
28.7%
stand
28.7%
couldn't
28.6%
couldn't
28.6%
hope
28.5%
hope
28.5%
found
28.5%
trust
27.7%
pain
27.6%
pain
27.6%
vain
27.1%
vain
27.1%
new
26.5%
new
26.5%
cry
24.9%
cry
24.9%
run
24.5%
hurt
23.5%
hide
23.5%
pride
20.7%
learns
20%
learns
20%

You're not logged in!

Compare scores with friends on all Sporcle quizzes.
OR
Log In

Sporcle TV

Today on Sporcle TV


Watch our educational content, quiz creation guides, and fun videos on Sporcle TV.

Show Comments

Extras

Top Quizzes Today


Score Distribution

Your Account Isn't Verified!

In order to create a playlist on Sporcle, you need to verify the email address you used during registration. Go to your Sporcle Settings to finish the process.

Report this User

Report this user for behavior that violates our Community Guidelines.

Details: